000 01526cam a2200181 4500
001 J123857
008 031007n1998 000 0 eng u
035 _a(Sirsi) u123857
050 _a342.4085
_c18
110 _aCouncil of Europe
_92800
245 _aConvention for the Protection of Human Rights and Fundamental Freedoms
_bas amended by Protocol No. 11 - Rome, 4.XI.1950
260 _a[S.l.]
_bCouncil of Europe
_c1950-1998
520 _aFull text of the European convention on human rights. The text of the Convention had been amended according to the provisions of: Protocol 3 (ETS 45), which entered into force on 21 September 1970; Protocol 5 (ETS 55), which entered into force on 20 December 1971; and Protocol 8 (ETS 118), which entered into force on 1 January 1990, and comprised also the text of Protocol No. 2 (ETS 44). In accordance with Art 5 para 3 thereof, this had been an integral part of the Convention since it came into force on 21 September 1970. All provisions which had been amended or added by these Protocols were replaced by the provisions of Protocol 11 (ETS 155), which came into force on 1 November 1998. Protocol 11 repealed Protocol No. 9 (ETS 140), which entered into force on 1 October 1994, whilst Protocol 10 (ETS 146) lost its purpose.
650 _aCONVENTION FOR THE PROTECTION OF HUMAN RIGHTS AND FUNDAMENTAL FREEDOMS
690 _aLAW
856 _uhttps://conventions.coe.int/Treaty/en/Treaties/Html/005.htm
_zView the Convention on the Council of Europe website...
942 _n0
999 _c103107
_d103107